Capitals of Asia - Statistics

General Stats
  • This quiz has been taken 10 times
  • The average score is 33 of 48
Answer Stats
Country Answer % Correct
Russia Moscow
100%
United Arab Emirates Abu Dhabi
86%
Jordan Amman
86%
Turkey Ankara
86%
Iraq Baghdad
86%
Thailand Bangkok
86%
China Beijing
86%
Syria Damascus
86%
Vietnam Hanoi
86%
Pakistan Islamabad
86%
Israel Jerusalem
86%
Kuwait Kuwait City
86%
Philippines Manila
86%
India New Delhi
86%
South Korea Seoul
86%
Singapore Singapore
86%
Iran Tehran
86%
Japan Tokyo
86%
Kazakhstan Astana
71%
Kyrgyzstan Bishkek
71%
Bangladesh Dhaka
71%
Qatar Doha
71%
Indonesia Jakarta
71%
Afghanistan Kabul
71%
Malaysia Kuala Lumpur
71%
Maldives Male
71%
Oman Muscat
71%
North Korea Pyongyang
71%
Taiwan Taipei
71%
Georgia Tbilisi
71%
Mongolia Ulaanbaatar
71%
Azerbaijan Baku
57%
Lebanon Beirut
57%
Nepal Kathmandu
57%
Saudi Arabia Riyadh
57%
Yemen Sana'a
57%
Armenia Yerevan
57%
Brunei Bandar Seri Begawan
43%
Tajikistan Dushanbe
43%
Bahrain Manama
43%
Myanmar Naypyidaw
43%
Cambodia Phnom Penh
43%
Palestine (partly recognized) Ramallah
43%
Sri Lanka Sri Jayawardenepura Kotte
43%
Uzbekistan Tashkent
43%
Bhutan Thimphu
43%
Laos Vientiane
43%
Turkmenistan Ashgabat
29%
No matching quizzes found
Score Distribution
Percent of People with Each Score
Percentile by Number Answered
Your Score History
You have not taken this quiz